Geometry Dash Players by Picture - Statistics

General Stats
  • This quiz has been taken 117 times
  • The average score is 21 of 50
Answer Stats
Picture Answer % Correct
Doggie
88%
Zoink
88%
Nexus
83%
EricVanWilderman
82%
Riot
82%
Vortrox
81%
Colon
76%
Michigun
73%
Viprin
70%
AeonAir
67%
Juniper
67%
Mulpan
66%
Technical
66%
Wulzy
64%
npesta
59%
Dorami
54%
Tride
54%
Exen
53%
Moldy
53%
Knobbelboy
51%
SDSlayer
51%
Partition
49%
wPopoff
49%
XcreatorGoal
49%
KrmaL
47%
Zeronium
47%
SrGuillester
41%
Smiffy777
37%
Danzmen
35%
IcEDCave
35%
Stormfly
23%
Whizkid05
23%
DiamondSplash
22%
Sunix
22%
nSwish
19%
saRy
19%
JonathanGD
17%
YunHaSeu14
17%
Krisz
16%
Serponge
16%
SirHadoken
16%
ZenthicAlpha
14%
paqoe
13%
Mycrafted
11%
SeptaGon7
10%
Pauze
8%
Nickname09
6%
Xender Game
5%
Baeru
4%
Electro
4%
No matching quizzes found
Score Distribution
Percent of People with Each Score
Percentile by Number Answered
Your Score History
You have not taken this quiz